[Event "Asian Continental-ch Open 2019"]
[Site "XingTai"]
[Date "2019.06.09"]
[Round "3.17"]
[White "Jumabayev, Rinat"]
[Black "Raja, Harshit"]
[Result "1-0"]
[WhiteElo "2625"]
[BlackElo "2437"]
[Annotator "RC"]
[PlyCount "73"]
[EventDate "2019.06.06"]
[EventType "swiss"]
[EventCountry "CHN"]
[SourceTitle "playchess.com"]
[Source "ChessBase"]
[SourceQuality "1"]
[TimeControl "40/5400+30:1800+30"]

1. e4 {[%emt 0:00:50]} c5 {[%emt 0:00:00]} 2. Nc3 {[%emt 0:00:30]} d6 {[%emt 0:00:19]} 3. d4 {[%emt 0:00:30]} cxd4 {[%emt 0:00:30]} 4. Qxd4 {[%emt 0:00:30]} Nc6 {[%emt 0:00:30]} 5. Qd2 {[%emt 0:00:30]} g6 {[%emt 0:00:30]} 6. b3 {[%emt 0:00:30]} Bh6 {[%emt 0:00:30]} 7. f4 {[%emt 0:00:30]} Nf6 {[%emt 0:00:30]} 8. Bb2 {[%emt 0:00:30]} O-O {[%emt 0:00:30]} 9. O-O-O {[%emt 0:00:30]} a5 {[%emt 0:00:30]} 10. a4 {[%emt 0:00:30]} Nb4 {[%emt 0:00:30]} 11. Kb1 {[%emt 0:00:30]} Qb6 {[%emt 0:00:30]} 12. Nf3 {[%emt 0:40:24]} Bd7 {[%emt 0:42:33]} 13. h4 {[%emt 0:05:48]} Rac8 {[%emt 0:00:30]} 14. Ng5 {[%emt 0:25:05]} Bg7 {[%emt 0:14:04]} 15. Rc1 {[%emt 0:00:30]} Ng4 {[%emt 0:10:20]} 16. Bb5 {[%emt 0:00:30]} Bxb5 {[%emt 0:00:30]} 17. Nxb5 {[%emt 0:00:30]} Bxb2 {[%emt 0:00:30]} 18. Kxb2 {[%emt 0:00:30]} Qe3 {[%emt 0:00:30]} 19. Rhd1 {[%emt 0:14:43]} h6 {[%emt 0:08:59]} 20. Nf3 {[%emt 0:00:30]} Qxe4 {[%emt 0:00:30]} 21. Nfd4 {[%emt 0:00:30]} Qe3 {[%emt 0:00:30]} 22. Qxe3 {[%emt 0:00:30]} Nxe3 {[%emt 0:00:30]} 23. Re1 {[%emt 0:00:30]} Ned5 {[%emt 0:00:30]} 24. f5 {[%emt 0:00:30]} Rfe8 {[%emt 0:00:30]} 25. Rcd1 {[%emt 0:00:30]} Nf6 {[%emt 0:00:30]} 26. fxg6 {[%emt 0:00:30]} fxg6 {[%emt 0:00:30]} 27. Re6 {[%emt 0:00:30]} Kf7 {[%emt 0:00:30]} 28. Rf1 {[%emt 0:00:30]} Kg7 {[%emt 0:00:30]} 29. Nxd6 {[%emt 0:00:30]} exd6 {[%emt 0:00:30]} 30. Rfxf6 {[%emt 0:00:30]} Rxe6 {[%emt 0:00:30]} 31. Rxe6 {[%emt 0:00:30]} Rf8 {[%emt 0:00:30]} 32. Rxd6 {[%emt 0:00:30]} Rf2 {[%emt 0:00:30]} 33. g4 {[%emt 0:00:30]} Nd3+ {[%emt 0:00:30]} 34. Kc3 {[%emt 0:00:30]} Nc5 {[%emt 0:00:30]} 35. Kc4 {[%emt 0:00:30]} Ne4 {[%emt 0:00:30]} 36. Rb6 {[%emt 0:00:30]} Kf8 {[%emt 0:00:30]} 37. Rxg6 {[%emt 0:00:30]} 1-0

[Event "Asian Continental-ch Open 2019"]
[Site "XingTai"]
[Date "2019.06.10"]
[Round "4.1"]
[White "Karthikeyan, Murali"]
[Black "Sethuraman, S.P."]
[Result "1/2-1/2"]
[WhiteElo "2593"]
[BlackElo "2613"]
[Annotator "RC"]
[PlyCount "74"]
[EventDate "2019.06.06"]
[EventType "swiss"]
[EventCountry "CHN"]
[SourceTitle "playchess.com"]
[Source "ChessBase"]
[SourceQuality "1"]
[TimeControl "40/5400+30:1800+30"]

1. e4 {[%emt 0:00:00]} e5 {[%emt 0:00:00]} 2. Nf3 {[%emt 0:00:00]} Nc6 {[%emt 0:00:05]} 3. Bb5 {[%emt 0:00:00]} Nf6 {[%emt 0:00:06]} 4. O-O {[%emt 0:00:00]} Nxe4 {[%emt 0:00:04]} 5. d4 {[%emt 0:00:33]} Nd6 {[%emt 0:00:08]} 6. Bxc6 {[%emt 0:00:17]} dxc6 {[%emt 0:00:06]} 7. dxe5 {[%emt 0:00:07]} Nf5 {[%emt 0:00:10]} 8. Qxd8+ {[%emt 0:00:14]} Kxd8 {[%emt 0:00:06]} 9. Rd1+ {[%emt 0:00:08]} Ke8 {[%emt 0:00:05]} 10. Nc3 {[%emt 0:00:18]} Ne7 {[%emt 0:09:29]} 11. h3 {[%emt 0:04:46]} Ng6 {[%emt 0:00:51]} 12. Ne2 {[%emt 0:21:36]} Be7 {[%emt 0:08:44]} 13. Be3 {[%emt 0:07:13]} Be6 {[%emt 0:19:57]} 14. Ned4 {[%emt 0:10:59]} Bd7 {[%emt 0:02:34]} 15. a4 {[%emt 0:23:43]} a5 {[%emt 0:06:30]} 16. Rd2 {[%emt 0:04:47]} h5 {[%emt 0:12:50]} 17. Rad1 {[%emt 0:01:41]} Nf8 {[%emt 0:06:32]} 18. Bg5 {[%emt 0:03:04]} c5 {[%emt 0:10:30]} 19. Nb5 {[%emt 0:01:57]} Bxb5 {[%emt 0:00:07]} 20. axb5 {[%emt 0:00:04]} f6 {[%emt 0:00:50]} 21. exf6 {[%emt 0:01:13]} gxf6 {[%emt 0:00:04]} 22. Be3 {[%emt 0:02:29]} h4 {[%emt 0:00:10]} 23. Re1 {[%emt 0:01:06]} Kf7 {[%emt 0:01:25]} 24. Bf4 {[%emt 0:00:34]} Rc8 {[%emt 0:03:53]} 25. Kf1 {[%emt 0:06:27]} c4 {[%emt 0:10:23]} 26. Rd4 {[%emt 0:01:19]} Rh5 {[%emt 0:00:31]} 27. Rxc4 {[%emt 0:01:34]} Rxb5 {[%emt 0:00:04]} 28. b3 {[%emt 0:00:30]} Ng6 {[%emt 0:01:49]} 29. Bxc7 {[%emt 0:01:24]} Rb4 {[%emt 0:01:39]} 30. Bxa5 {[%emt 0:00:46]} Rbxc4 {[%emt 0:00:05]} 31. bxc4 {[%emt 0:00:03]} Rxc4 {[%emt 0:00:06]} 32. Rc1 {[%emt 0:02:16]} b5 {[%emt 0:01:00]} 33. Bd2 {[%emt 0:01:47]} b4 {[%emt 0:01:49]} 34. Ke2 {[%emt 0:00:39]} Rc8 {[%emt 0:01:17]} 35. g3 {[%emt 0:02:59]} hxg3 36. fxg3 {[%emt 0:00:02]} Bd6 {[%emt 0:00:44]} 37. Kf2 {[%emt 0:00:50]} Ne7 {[%emt 0:01:05]} 1/2-1/2

[Event "Asian Continental-ch Open 2019"]
[Site "XingTai"]
[Date "2019.06.10"]
[Round "4.2"]
[White "Gupta, Abhijeet"]
[Black "Firouzja, Alireza"]
[Result "0-1"]
[WhiteElo "2606"]
[BlackElo "2682"]
[Annotator "RC"]
[PlyCount "78"]
[EventDate "2019.06.06"]
[EventType "swiss"]
[EventCountry "CHN"]
[SourceTitle "playchess.com"]
[Source "ChessBase"]
[SourceQuality "1"]
[TimeControl "40/5400+30:1800+30"]

1. d4 {[%emt 0:00:00]} d5 {[%emt 0:00:00]} 2. c4 {[%emt 0:00:10]} c6 {[%emt 0:00:00]} 3. Nf3 {[%emt 0:01:01]} Nf6 {[%emt 0:00:00]} 4. Nc3 {[%emt 0:00:10]} e6 {[%emt 0:00:02]} 5. g3 {[%emt 0:01:03]} dxc4 {[%emt 0:00:26]} 6. Ne5 {[%emt 0:01:14]} b5 {[%emt 0:03:59]} 7. Bg2 {[%emt 0:00:11]} a6 {[%emt 0:00:23]} 8. O-O {[%emt 0:00:06]} Bb7 {[%emt 0:00:09]} 9. b3 {[%emt 0:00:51]} b4 {[%emt 0:00:09]} 10. Ne4 {[%emt 0:00:22]} Nxe4 {[%emt 0:00:19]} 11. Bxe4 {[%emt 0:00:04]} c3 {[%emt 0:00:07]} 12. a3 {[%emt 0:01:28]} a5 {[%emt 0:00:06]} 13. axb4 {[%emt 0:04:36]} Bxb4 {[%emt 0:00:51]} 14. Ra4 {[%emt 0:07:55]} O-O {[%emt 0:04:48]} 15. Ba3 {[%emt 0:01:44]} Qe7 {[%emt 0:07:43]} 16. Qc1 {[%emt 0:12:17]} Rd8 {[%emt 0:11:42]} 17. e3 {[%emt 0:02:53]} c5 {[%emt 0:02:04]} 18. Bxb7 {[%emt 0:00:47]} Qxb7 {[%emt 0:00:07]} 19. dxc5 {[%emt 0:00:07]} Na6 {[%emt 0:14:07]} 20. Nc4 {[%emt 0:26:43]} Nxc5 {[%emt 0:05:12]} 21. Nxa5 {[%emt 0:00:18]} Rxa5 {[%emt 0:08:12]} 22. Rxb4 {[%emt 0:00:05]} Qa7 {[%emt 0:01:04]} 23. Rd4 {[%emt 0:00:07]} Rxd4 {[%emt 0:01:06]} 24. Bxc5 {[%emt 0:00:04]} Rxc5 {[%emt 0:00:50]} 25. exd4 {[%emt 0:00:06]} Rc8 {[%emt 0:00:08]} 26. Qe3 {[%emt 0:00:05]} Qa3 {[%emt 0:02:22]} 27. Rc1 {[%emt 0:00:11]} c2 {[%emt 0:05:41]} 28. Kf1 {[%emt 0:00:10]} h6 {[%emt 0:01:32]} 29. Ke2 {[%emt 0:01:42]} Rc3 {[%emt 0:00:54]} 30. Qf4 {[%emt 0:00:50]} Qxb3 {[%emt 0:00:49]} 31. Qe4 {[%emt 0:00:07]} Rc8 {[%emt 0:07:23]} 32. Qd3 {[%emt 0:00:48]} Rc3 {[%emt 0:00:22]} 33. Qe4 {[%emt 0:00:03]} Qc4+ {[%emt 0:05:13]} 34. Ke1 {[%emt 0:01:17]} Rd3 {[%emt 0:02:11]} 35. Qa8+ {[%emt 0:00:08]} Kh7 {[%emt 0:00:05]} 36. Qe4+ {[%emt 0:00:03]} f5 {[%emt 0:00:28]} 37. Qe2 {[%emt 0:00:15]} Qc3+ {[%emt 0:00:21]} 38. Kf1 {[%emt 0:00:03]} Rd2 {[%emt 0:00:04]} 39. Qxe6 {[%emt 0:00:15]} Qf3 {[%emt 0:00:11]} 0-1

[Event "Asian Continental-ch Open 2019"]
[Site "XingTai"]
[Date "2019.06.10"]
[Round "4.3"]
[White "Lu, Shanglei"]
[Black "Liu, Yan"]
[Result "1/2-1/2"]
[WhiteElo "2624"]
[BlackElo "2504"]
[Annotator "TA"]
[PlyCount "44"]
[EventDate "2019.06.06"]
[EventType "swiss"]
[EventCountry "CHN"]
[SourceTitle "playchess.com"]
[Source "ChessBase"]
[SourceQuality "1"]

{[%evp 11,44,32,33,19,19,19,21,7,8,0,0,0,0,0,0,0,0,0,0,0,0,0,0,0,0,-16,0,-29,-29,-18,-10,-16,-17,-16,0]} 1. e4 e5 2. Bc4 Nf6 3. d3 c6 4. Nf3 Be7 5. O-O d6 6. Re1 O-O 7. h3 {C24: Bishop's Opening: 2...Nf6} (7. Nbd2 Nbd7 8. a3 Nc5 9. Ba2 Be6 10. Nc4 b5 11. Ne3 Bxa2 12. Rxa2 g6 13. Bd2 Re8 14. b4 Na4 {½-½ (48) Grischuk,A (2792)-Aronian,L (2815) Flor & Fjaere 2014}) 7... b5 8. Bb3 Nbd7 9. c3 a5 {[%cal Ba7a5,Ba5a4][%mdl 32]} 10. d4 $146 ({Predecessor:} 10. Nbd2 Ba6 11. Nf1 Qc7 12. Ng3 Nc5 13. Bc2 Bc8 14. d4 Nb7 {1-0 (38) Laurincova,K (1855)-Markova,K (1597) Kouty nad Desnou 2017}) 10... a4 11. Bc2 Qc7 12. Bg5 Re8 13. Nbd2 h6 14. Bh4 Nf8 15. Nf1 Ng6 16. Bg3 Bf8 17. Ne3 Qb6 18. Nf5 c5 19. N5h4 Nxh4 20. Bxh4 Nh5 {The position is equal.} 21. Nh2 {[#] Strongly threatening dxc5.} Nf4 {[%cal Rc5d4]} 22. Bg3 Ng6 {Accuracy: White = 55%, Black = 86%.} 1/2-1/2

[Event "Asian Continental-ch Open 2019"]
[Site "XingTai"]
[Date "2019.06.10"]
[Round "4.4"]
[White "Aravindh, Chithambaram VR."]
[Black "Maghsoodloo, Parham"]
[Result "1/2-1/2"]
[WhiteElo "2598"]
[BlackElo "2665"]
[Annotator "TA"]
[PlyCount "91"]
[EventDate "2019.06.06"]
[EventType "swiss"]
[EventCountry "CHN"]
[SourceTitle "playchess.com"]
[Source "ChessBase"]
[SourceQuality "1"]

{[%evp 9,91,31,32,29,35,8,15,8,76,26,32,35,55,56,63,55,59,62,57,62,52,52,53,49,52,56,60,34,33,42,35,32,24,0,25,33,32,0,0,0,33,37,27,0,0,0,0,0,0,0,0,0,0,0,0,0,0,0,15,15,20,0,15,15,15,15,15,15,18,19,51,19,19,0,0,0,0,0,0,0,0,0,0,0]} 1. e4 c5 2. Nf3 Nc6 3. Bb5 g6 4. Bxc6 dxc6 5. d3 Qc7 (5... Bg7 6. h3 e5 7. a4 a5 8. Be3 b6 9. Na3 Qc7 10. O-O Ne7 11. Nc4 Be6 12. Ng5 Bxc4 13. dxc4 h6 14. Nf3 Nc8 {½-½ (56) Amin,B (2704)-Carlsen,M (2861) Abidjan 2019}) 6. h3 {B31: Sicilian: 2...Nc6 3 Bb5 g6} Bg7 7. Nc3 b6 8. O-O h6 $146 (8... e5 $11) ({Predecessor:} 8... e5 9. Be3 f6 10. Nd2 g5 11. a3 Be6 12. b4 cxb4 13. axb4 Rd8 14. Ra6 {1-0 (51) Nayhebaver,M (2409)-Skreno,V (2245) Slovakia 2016}) 9. Be3 (9. e5 $5) 9... g5 10. Nd2 Be6 11. a4 a5 12. f4 gxf4 13. Bxf4 Be5 14. Ne2 Nf6 15. Bxe5 Qxe5 16. Nf4 Rg8 17. Nxe6 Qxe6 18. Qf3 Rg5 19. Nc4 Nd7 $1 20. Kh1 f6 21. h4 (21. Qf4 {keeps more tension.} O-O-O 22. Ra3 Kb7 23. Rb3 Ra8 24. Qe3) 21... Ne5 (21... Rg6 {with more complications.} 22. Rae1 Qg4 23. Qf2 O-O-O 24. Kh2 Rdg8) 22. Nxe5 Rxe5 23. Qe3 O-O-O 24. Rf4 Rd4 25. Qf2 Kb7 26. b3 f5 27. Rxf5 Rxf5 28. exf5 $11 {[%mdl 4096] Endgame KQR-KQR} Qf6 29. Re1 {Threatens to win with g3.} Rxh4+ 30. Kg1 Rh5 $1 31. Re6 Qa1+ $1 32. Re1 Qf6 33. Qe3 Rxf5 34. Qxe7+ Ka6 $1 35. Qd7 (35. Qxf6 {looks sharper.} Rxf6 36. Re5 Kb7 37. g3 Rf7 38. Re6) 35... Qd4+ 36. Qxd4 cxd4 {KR-KR} 37. Re6 Rc5 38. Rxh6 Rxc2 39. g4 {With the idea g5.} b5 40. g5 {[#] Strongly threatening g6.} Rc5 $1 {[%cal Rc5g5] The position is equal.} 41. Rh5 Kb6 42. Kf2 Rf5+ 43. Kg3 {aiming for Kg4.} Kc5 44. Kg4 Rf8 45. Rh6 Rc8 46. Kf4 {Accuracy: White = 71%, Black = 68%.} 1/2-1/2

[Event "Asian Continental-ch Open 2019"]
[Site "XingTai"]
[Date "2019.06.10"]
[Round "4.5"]
[White "Vidit, Santosh Gujrathi"]
[Black "Praggnanandhaa R"]
[Result "0-1"]
[WhiteElo "2707"]
[BlackElo "2537"]
[Annotator "TA"]
[PlyCount "90"]
[EventDate "2019.06.06"]
[EventType "swiss"]
[EventCountry "CHN"]
[SourceTitle "playchess.com"]
[Source "ChessBase"]
[SourceQuality "1"]

{[%evp 13,90,5,16,6,13,15,12,18,16,22,23,17,16,16,17,13,23,25,20,0,0,0,0,-4,0,0,0,0,-11,-22,0,0,0,3,24,0,0,0,0,0,0,0,0,0,0,0,0,-18,0,0,22,-187,-200,-198,-193,-302,-150,-189,-189,-184,-184,-323,-393,-830,-741,-887,-892,-885,-861,-763,-729,-733,-750,-1540,-1539,-1454,-1389,-977,-557]} 1. c4 Nf6 2. Nc3 e6 3. e4 d5 4. e5 d4 5. exf6 dxc3 6. bxc3 Qxf6 7. d4 b6 8. Be2 {A18: English Opening: Flohr-Mikenas System (1 c4 Nf6 2 Nc3 e6 3 e4)} (8. h4 Bb7 9. Bg5 Qf5 10. Bd3 Qa5 11. Kf1 Nc6 12. Rb1 f6 13. Bd2 O-O-O 14. a4 e5 15. c5 Bxc5 16. Rb5 Qa6 17. Rh3 Bxd4 18. Be2 Rd6 19. Rb1 Qa5 20. Rb5 Qa6 21. Rb1 Qa5 22. Rb5 {½-½ (22) Aronian,L (2794)-Ding,L (2769) Berlin 2018}) 8... Bb7 9. Bf3 Bxf3 $1 10. Nxf3 {The position is equal.} Bd6 11. Qa4+ c6 12. O-O O-O 13. Bg5 Qf5 14. Rab1 Bc7 $146 ({Predecessor:} 14... Qd3 15. Rfc1 {½-½ (15) Kachiani Gersinska,K (2375)-Javakhishvili,L (2425) Ekaterinburg 2007}) 15. Bh4 Rc8 16. Kh1 h6 17. Rfe1 a6 18. Bg3 Bxg3 19. fxg3 Nd7 20. Rf1 {[#] And now Ne5! would win.} Qd3 21. Qb3 Rc7 22. Rbd1 Qg6 23. Kg1 Qh5 24. Rde1 c5 25. d5 exd5 $1 26. Re7 Rac8 27. cxd5 {d6 is the strong threat.} c4 $1 {[%cal Rc4b3]} 28. Qd1 {Hoping for d6.} Nf6 $36 {[%mdl 2048] Black has some pressure.} 29. Re5 Qg4 30. Qb1 Rc5 31. Qxb6 Nd7 32. Qxa6 $2 (32. Qa7 $11 Nxe5 33. Nxe5) 32... Nxe5 $19 33. Nxe5 {[#]} Qe4 $1 {[%cal Re4e3]} 34. Nxf7 (34. Nc6 {was forced.} Re8 35. Qa7 {[%mdl 64] Double Attack} Rxd5 36. Qxf7+ Kh7 37. Nd4) 34... Rf8 (34... Re8 $19 {and Black stays clearly on top.} 35. Nxh6+ (35. Nd6 $2 Qe3+ 36. Rf2 Rf8 $19) 35... gxh6) 35. Qe6 Qxe6 36. dxe6 {[%mdl 4096] Endgame KRR-KRN} Re8 37. Re1 (37. Nd6 $142 Rxe6 38. Rf5 Rxf5 39. Nxf5) 37... Rc6 38. a4 $2 (38. Kf2 Rcxe6 39. Rxe6 Rxe6 40. Nd8) 38... Rcxe6 {Black is clearly winning.} 39. Rxe6 Rxe6 {KR-KN} 40. Nd8 Re3 41. Kf2 Rxc3 42. Nc6 Ra3 43. Ne5 Rxa4 44. Ke3 Ra2 45. Nxc4 Rxg2 {Accuracy: White = 54%, Black = 68%.} 0-1

[Event "Asian Continental-ch Open 2019"]
[Site "XingTai"]
[Date "2019.06.10"]
[Round "4.6"]
[White "Le, Quang Liem"]
[Black "Xu, Yinglun"]
[Result "1/2-1/2"]
[WhiteElo "2694"]
[BlackElo "2548"]
[Annotator "TA"]
[PlyCount "97"]
[EventDate "2019.06.06"]
[EventType "swiss"]
[EventCountry "CHN"]
[SourceTitle "playchess.com"]
[Source "ChessBase"]
[SourceQuality "1"]

{[%evp 10,97,16,28,34,24,32,24,35,31,36,28,28,28,66,61,57,53,45,35,37,34,55,43,39,34,65,65,81,43,39,35,51,10,22,19,77,46,76,76,70,14,12,10,39,40,44,50,38,10,10,16,14,0,0,0,0,-6,-8,0,0,0,0,0,0,0,7,7,7,7,7,7,7,7,8,7,8,8,8,8,8,8,8,7,7,7,8,7,8,0]} 1. d4 d5 2. c4 e6 3. Nc3 Be7 4. cxd5 exd5 5. Bf4 c6 6. e3 Bd6 {D31: Queen's Gambit Declined: Semi-Slav without ...Nf6 (+ Marshall Gambit and Noteboom) and Exchange Variation lines without ...Nf6} (6... Bf5 7. g4 Be6 8. h3 Nd7 9. Bd3 h5 10. gxh5 Ndf6 11. h6 Nxh6 12. Qc2 Qd7 13. Nf3 Bf5 14. Ne5 Bxd3 15. Nxd3 Nh5 16. Bh2 Qxh3 {½-½ (32) Radjabov,T (2757)-Giri,A (2783) Wijk aan Zee 2019}) 7. Qf3 Ne7 8. h4 h5 {White has an edge.} 9. Bd3 Bg4 10. Qg3 $1 Bxf4 11. Qxf4 Nd7 $146 ({Predecessor:} 11... Qb6 12. Rb1 Na6 13. a3 {1-0 (48) Ju,W (2583)-Pham,L (2344) Khanty-Mansiysk 2017}) 12. f3 Be6 13. Nge2 g6 14. Qg5 Nf5 15. Nf4 Nf8 16. Qxd8+ Rxd8 17. Kf2 Ke7 18. b4 a6 19. Na4 Nd6 20. Nc5 Bf5 21. e4 dxe4 22. fxe4 Bc8 (22... Ne6 $11) 23. Rhe1 Ne8 24. d5 Nf6 25. Rad1 (25. Kg1 $14) 25... N8d7 $11 26. Nxd7 Rxd7 27. Kg1 cxd5 28. e5 {[#] aiming for Bxg6.} Ne4 $1 29. e6 Rd6 {The position is equal.} 30. exf7 Bf5 31. Bc2 Rhd8 $1 32. Bb3 {[%cal Rd1d5]} Kxf7 33. Rxd5 Kf6 34. Kh2 Nd2 35. Rd1 {[#] And now R1xd2 would win.} Ne4 36. Rf1 {Hoping for Nxh5+!} Rxd5 37. Bxd5 Nc3 38. Bxb7 Nxa2 39. Nxh5+ gxh5 40. Be4 Rd4 41. Bxf5 {Bb1+ is the strong threat.} Nxb4 {[%mdl 4096] Endgame KRB-KRN} 42. g3 Kg7 43. Ra1 Rd5 44. Be4 Re5 45. Bf3 a5 46. Rd1 Nc2 47. Rd7+ Kg6 48. Rd6+ Kg7 49. Rd7+ {Accuracy: White = 70%, Black = 66%.} 1/2-1/2

[Event "Asian Continental-ch Open 2019"]
[Site "XingTai"]
[Date "2019.06.10"]
[Round "4.7"]
[White "Erigaisi Arjun"]
[Black "Adhiban, B.."]
[Result "0-1"]
[WhiteElo "2526"]
[BlackElo "2676"]
[Annotator "TA"]
[PlyCount "42"]
[EventDate "2019.06.06"]
[EventType "swiss"]
[EventCountry "CHN"]
[SourceTitle "playchess.com"]
[Source "ChessBase"]
[SourceQuality "1"]

{[%evp 22,84,32,28,36,0,0,0,9,17,21,-52,-45,-28,-37,-35,-30,-77,-55,-66,-59,-93,-39,-39,-29,-37,-24,-22,-16,-26,-17,-150,-154,-147,-145,-149,-105,-164,-164,-164,-164,-164,-162,-161,-136,-137,-89,-93,-84,-82,-20,-23,-35,-462,-462,-431,-462,-456,-445,-452,-450,-393,-420,-427,-411]} 1. d4 Nf6 2. c4 g6 3. g3 Bg7 4. Bg2 O-O 5. Nc3 d6 6. Nf3 Nbd7 7. O-O e5 8. e4 exd4 9. Nxd4 Nc5 10. h3 Re8 11. Re1 Bd7 12. Kh2 h6 {E68: King's Indian: Fianchetto: 6...Nbd7 7 0-0 e5 8 e4} 13. f4 a5 14. b3 $146 ({Predecessor:} 14. Rb1 h5 15. b3 Qc8 16. e5 Nh7 17. Ba3 h4 18. g4 Ne6 19. Nxe6 Bxe6 20. Qf3 dxe5 21. fxe5 {1-0 (28) Jianu,V (2500)-Cheparinov,I (2709) Plovdiv 2013}) 14... h5 {The position is equal.} 15. Bb2 a4 16. bxa4 (16. Rb1 $11) 16... Nxa4 17. Nxa4 Bxa4 18. Qd2 Nd7 19. Nb3 Bxb2 20. Qxb2 Bc6 21. Qf2 Ra4 {Played: Qd8-f6} 0-1

[Event "Asian Continental-ch Open 2019"]
[Site "XingTai"]
[Date "2019.06.10"]
[Round "4.8"]
[White "Nguyen, Ngoc Truong Son"]
[Black "Vishnu Prasanna. V"]
[Result "1/2-1/2"]
[WhiteElo "2639"]
[BlackElo "2511"]
[Annotator "TA"]
[PlyCount "38"]
[EventDate "2019.06.06"]
[EventType "swiss"]
[EventCountry "CHN"]
[SourceTitle "playchess.com"]
[Source "ChessBase"]
[SourceQuality "1"]

{[%evp 15,23,25,34,20,18,20,21,15,21,11]} 1. d4 Nf6 2. c4 e6 3. Nf3 b6 4. g3 Bb4+ 5. Bd2 Bxd2+ 6. Qxd2 Ba6 7. b3 c6 8. Bg2 d5 9. O-O {E15: Queen's Indian: 4 g3 sidelines, 4 g3 Ba6 and 4 g3 Bb7 early deviations} Nbd7 {The position is equal.} 10. Rc1 O-O 11. cxd5 cxd5 12. Nc3 {Predecessor:} Rc8 $146 13. Qb2 Qe7 14. Rc2 Rc7 15. Rac1 Rfc8 16. Nb1 Qd6 17. Bf1 h6 18. Rxc7 Rxc7 19. Rxc7 Qxc7 {½-½ (41) Dvirnyy,D (2561)-Short,N (2686) Reykjavik 2015} 1/2-1/2

[Event "Asian Continental-ch Open 2019"]
[Site "XingTai"]
[Date "2019.06.10"]
[Round "4.9"]
[White "Tran, Tuan Minh"]
[Black "Jumabayev, Rinat"]
[Result "0-1"]
[WhiteElo "2526"]
[BlackElo "2625"]
[Annotator "TA"]
[PlyCount "80"]
[EventDate "2019.06.06"]
[EventType "swiss"]
[EventCountry "CHN"]
[SourceTitle "playchess.com"]
[Source "ChessBase"]
[SourceQuality "1"]

{[%evp 9,80,-5,10,0,0,0,0,0,0,-25,0,0,3,6,20,12,11,4,20,0,66,47,28,22,33,35,32,18,25,27,68,75,73,23,63,5,43,38,43,47,40,41,38,-11,0,0,0,-63,-84,-68,-66,-141,-134,-156,-153,-212,-214,-338,-331,-402,-398,-437,-420,-442,-449,-445,-437,-414,-435,-426,-425,-377,-351]} 1. d4 d5 2. Bf4 Nf6 3. e3 c5 4. c3 Nc6 5. Bd3 (5. Nd2 Qb6 6. Qb3 Nh5 7. Qxb6 axb6 8. Bc7 cxd4 9. exd4 e5 10. Bxe5 Nxe5 11. dxe5 Bc5 12. g3 O-O {1-0 (76) Aronian,L (2765)-Caruana,F (2832) London 2018}) 5... Bg4 6. Nf3 {D00: 1 d4 d5: Unusual lines} e6 7. Nbd2 Be7 8. O-O {The position is equal.} O-O 9. Re1 $146 ({Predecessor:} 9. Qe2 Qb6 10. Rab1 Rac8 11. dxc5 Qxc5 12. e4 dxe4 13. Nxe4 Qh5 14. Ng3 Qd5 {0-1 (54) Grabinsky,A (2359)-Quesada Perez,Y (2627) chess.com INT 2018}) 9... a6 10. Qb1 Bh5 11. Ne5 Bg6 12. Nxg6 hxg6 13. a3 Bd6 14. Bg5 e5 ({Better is} 14... Qc7 $11) 15. dxc5 (15. Bxf6 $5 Qxf6 16. dxc5 Bxc5 17. c4 $14) 15... Bxc5 16. c4 d4 17. b4 dxe3 18. fxe3 Be7 19. c5 Ng4 20. Bxe7 Qxe7 21. Ne4 f5 22. Nd6 (22. Be2 $14) 22... e4 23. Be2 {Strongly threatening Bxg4.} Nce5 24. h3 Nh6 25. Qb3+ Kh7 26. Rad1 Rad8 27. Rd5 Qh4 $36 {[%mdl 2048] White is under pressure.} 28. Rf1 (28. Qc3 $11 Nhf7 29. Rf1) 28... Qg3 $15 29. Qc3 Nef7 $1 {[%cal Rf7d6]} 30. Rf4 (30. Qd2 $15) 30... Nxd6 $17 31. cxd6 Rd7 32. Qd2 (32. b5 $17 {is the only way for White.}) 32... Rf6 $19 33. h4 (33. Bc4 {keeps fighting.}) 33... Nf7 34. h5 {White hopes to continue with hxg6+.} Rdxd6 35. hxg6+ Kxg6 ({Not} 35... Rxg6 36. Bh5 $17) 36. Bc4 Rxd5 37. Bxd5 Ne5 {[#] And now ...Rd6 would win.} 38. Qf2 Qxf2+ 39. Rxf2 b5 40. Rc2 Rd6 {Accuracy: White = 45%, Black = 66%.} 0-1

[Event "Asian Continental-ch Open 2019"]
[Site "XingTai"]
[Date "2019.06.10"]
[Round "4.10"]
[White "Xu, Zhihang"]
[Black "Nihal Sarin"]
[Result "0-1"]
[WhiteElo "2504"]
[BlackElo "2606"]
[Annotator "TA"]
[PlyCount "66"]
[EventDate "2019.06.06"]
[EventType "swiss"]
[EventCountry "CHN"]
[SourceTitle "playchess.com"]
[Source "ChessBase"]
[SourceQuality "1"]

{[%evp 15,66,26,18,-10,-27,-94,-92,-94,-94,-84,-75,-87,-46,-118,-124,-117,-110,-124,-127,-128,-127,-127,-131,-167,-180,-170,-169,-146,-163,-231,-221,-225,-210,-307,-297,-308,-312,-329,-313,-316,-316,-332,-325,-318,-293,-438,-456,-489,-510,-483,-378,-488,-488]} 1. d4 Nf6 2. c4 g6 3. Nc3 Bg7 4. e4 d6 5. Be2 O-O 6. Bg5 Na6 7. Nf3 e5 8. Qd2 Qe8 9. O-O {E73: King's Indian: Averbakh Variation without 6...c5} (9. d5 {feels hotter.} Nc5 10. Qc2 a5 11. O-O Nh5 12. Nb5) (9. d5 Nc5 10. Qc2 a5 11. Nd2 Bd7 12. O-O h5 13. b3 Nh7 14. Be3 f5 15. f3 f4 16. Bf2 g5 {0-1 (37) Sanikidze,T (2507)-Saric,I (2695) St Petersburg 2018}) 9... exd4 10. Qxd4 (10. Bxf6 $11 dxc3 11. Bxc3) 10... Nxe4 $1 $17 11. Qxe4 {[#] Threatens to win with Qh4.Black is better.} Bxc3 $1 12. Qh4 Bxb2 ({Not} 12... Qxe2 $2 13. bxc3 Qe6 14. Be7 $18) 13. Rae1 Qd7 14. Bh6 $146 (14. Nd4 $1 $15) ({Predecessor:} 14. h3 Bg7 15. Nd4 f6 16. Bc1 Nc5 17. Bg4 Qf7 {0-1 (17) Christensen,N (2127)-Al Modiahki,M (2499) Fuerth 2000}) 14... Bg7 15. Bxg7 Kxg7 16. Ng5 h6 17. Qd4+ f6 18. Nh3 Nc5 19. Bd1 Qf7 20. Nf4 Ne6 21. Nxe6+ Bxe6 22. c5 (22. Bb3 $142) 22... dxc5 $19 23. Qxc5 Rfe8 24. Bc2 (24. Bb3 $142) 24... b6 25. Qc3 Bxa2 26. Ra1 Bd5 27. Rfd1 c6 28. Rd4 Re5 29. h4 {White hopes to continue with Rg4.} h5 30. Qg3 (30. Rd3 $142) 30... a5 31. Bd3 Rae8 32. Kh2 f5 33. Rf4 Qf6 {Accuracy: White = 39%, Black = 86%.} 0-1